ჩვენი საუნჯე:ქართული მწერლობა ოც ტომად. ტ.18 ნიკო ლორთქიფანიძე, შალვა დადიანი (ბიბ.ჩანაწერი № 48359)
[ მარტივი ფორმატი ]
| 000 -LEADER | |
|---|---|
| fixed length control field | 00728nam a2200157Ia 4500 |
| 001 - CONTROL NUMBER | |
| control field | 15247 |
| 003 - CONTROL NUMBER IDENTIFIER | |
| control field | GE_BSU |
| 008 - FIXED-LENGTH DATA ELEMENTS--GENERAL INFORMATION | |
| fixed length control field | 181216s||||||||xx |||||||||||||| ||und|| |
| 040 ## - CATALOGING SOURCE | |
| Transcribing agency | GE_BSU |
| 245 ## - TITLE STATEMENT | |
| Title | ჩვენი საუნჯე:ქართული მწერლობა ოც ტომად. ტ.18 ნიკო ლორთქიფანიძე, შალვა დადიანი |
| 245 ## - TITLE STATEMENT | |
| Statement of responsibility, etc. | რედ.დ.შენგელაია. მხატვ.ლ.გრიგოლია |
| 653 ## - INDEX TERM--UNCONTROLLED | |
| Uncontrolled term | ნიკო ლორთქიფანიძე, შალვა დადიანი |
| 653 ## - INDEX TERM--UNCONTROLLED | |
| Uncontrolled term | ქართული მწერლობა |
| 653 ## - INDEX TERM--UNCONTROLLED | |
| Uncontrolled term | ჩვენი საუნჯე |
| 942 ## - ADDED ENTRY ELEMENTS (KOHA) | |
| Koha item type | წიგნი |
არაა ხელმისაწვდომი ეგზემპლარები.
